000 00504nam a2200169Ia 4500
008 181130s2018 xx 000 0 und d
100 _aMukerji, Siddhartha
245 _aThe 2015 gram pradhan elections in Uttar Pradesh:
_bmoney, power and violence
260 _c2018
300 _ap.58-63.
504 _d16-Jun
650 _aGram Pradhan
650 _aLocal elections
650 _aLocal elections - India - Uttar Pradesh
773 _aEconomic and Political Weekly
906 _aLocal elections
999 _c506391
_d506391